La cultura autoritaria en México : (Record no. 208913)

MARC details
000 -CABECERA
campo de control de longitud fija 00991nam a22002537a 4500
003 - IDENTIFICADOR DEL NÚMERO DE CONTROL
campo de control MX-MxUPN
005 - FECHA Y HORA DE LA ÚLTIMA TRANSACCIÓN
campo de control 20240425063947.0
008 - ELEMENTOS DE LONGITUD FIJA--INFORMACIÓN GENERAL
campo de control de longitud fija 220930s2019 mx ad||| |||| 00| 0 spa d
020 ## - NÚMERO INTERNACIONAL NORMALIZADO PARA LIBROS
Número Internacional Estándar del Libro 9786078663392
040 ## - FUENTE DE LA CATALOGACIÓN
Centro catalogador/agencia de origen MX-MxUPN
Lengua de catalogación spa
Centro/agencia transcriptor MX-MxUPN
050 #4 - SIGNATURA TOPOGRÁFICA DE LA BIBLIOTECA DEL CONGRESO
Número de clasificación LB3012.4 M6
Número de documento/Ítem A48 2019
100 1# - ASIENTO PRINCIPAL--NOMBRE PERSONAL
Nombre de persona Álvarez Martínez, Alejandro
9 (RLIN) 46922
245 13 - MENCIÓN DE TÍTULO
Título La cultura autoritaria en México :
Resto del título educación y autoritarismo en los albores del siglo XXI
250 ## - MENCIÓN DE EDICIÓN
Mención de edición Primera edición
260 ## - PUBLICACIÓN, DISTRIBUCIÓN, ETC.
Lugar de publicación, distribución, etc. Ciudad de México :
Nombre del editor, distribuidor, etc. Colofón,
Fecha de publicación, distribución, etc. 2019.
300 ## - DESCRIPCIÓN FÍSICA
Extensión 108 páginas :
Otras características físicas ilustraciones, gráficas, tablas
500 ## - NOTA GENERAL
Nota general Es bibliografía básica de la Licenciatura en Sociología de la Educación.
610 24 - ASIENTO SECUNDARIO DE MATERIA - NOMBRE CORPORATIVO
Nombre de entidad corporativa o nombre de jurisdicción como elemento de entrada Universidad Pedagógica Nacional (México).
Unidad subordinada Licenciatura en Sociología de la Educación
9 (RLIN) 50105
650 #4 - ASIENTO SECUNDARIO DE MATERIA - TERMINO TEMATICO
Término de materia o nombre geográfico como elemento de entrada Relación maestro-estudiante
9 (RLIN) 4168
650 #4 - ASIENTO SECUNDARIO DE MATERIA - TERMINO TEMATICO
Término de materia o nombre geográfico como elemento de entrada Enseñanza
9 (RLIN) 6215
650 #2 - ASIENTO SECUNDARIO DE MATERIA - TERMINO TEMATICO
Término de materia o nombre geográfico como elemento de entrada Disciplina escolar
Subdivisión geográfica México
9 (RLIN) 19297
902 ## - ELEMENTOS DE DATOS B LOCAL, LDB (RLIN)
Creó NoemiAcosta/300922
942 ## - ELEMENTOS DE PUNTO DE ACCESO ADICIONAL (KOHA)
Fuente del sistema de clasificación o colocación Library of Congress Classification
Tipo de ítem Koha Libro
Holdings
Estado de retiro Estado de pérdida Fuente del sistema de clasificación o colocación Estado dañado Restricciones de uso No para préstamo Código de colección Localización permanente Ubicación/localización actual Ubicación en estantería Fecha de adquisición Clasificación Código de barras Fecha visto por última vez Precio válido a partir de Tipo de ítem Koha Total de préstamos Fecha del último préstamo Número de copia
    Library of Congress Classification   Préstamo por horas   Bibliografía básica Bib. Gregorio Torres Quintero Bib. Gregorio Torres Quintero Colecciones especiales Planta alta 30/09/2022 LB3012.4 M6 A48 2019 336034 30/09/2022 30/09/2022 Libro por horas      
    Library of Congress Classification       Colección General Bib. Gregorio Torres Quintero Bib. Gregorio Torres Quintero Planta baja 30/09/2022 LB3012.4 M6 A48 2019 336035 28/04/2025 30/09/2022 Libro 1 10/04/2025 Ej.2
    Library of Congress Classification       Colección General Bib. Gregorio Torres Quintero Bib. Gregorio Torres Quintero Planta baja 30/09/2022 LB3012.4 M6 A48 2019 336036 30/09/2022 30/09/2022 Libro     Ej.3